[Event "Sparkassen-Open A"]
[Site "Heusenstamm, Martinsee"]
[Date "2017.11.25"]
[Round "5.27"]
[White "Mueller, Werner"]
[Black "Boe, Mads"]
[Result "0-1"]
[WhiteElo "2103"]
[BlackElo "2297"]
[PlyCount "114"]
[EventDate "2017.??.??"]
[WhiteTeam "SK Göggingen"]
[BlackTeam "SG Turm Kiel"]

1. Nf3 d5 2. g3 Nf6 3. Bg2 c6 4. d3 Bg4 5. Nbd2 e6 6. h3 Bh5 7. g4 Bg6 8. Ne5
Nbd7 9. Nxg6 hxg6 10. c4 Bc5 11. cxd5 exd5 12. Nf3 O-O 13. O-O Re8 14. Bf4 Qe7
15. e3 Bd6 16. Bxd6 Qxd6 17. Qc2 Nf8 18. a3 Ne6 19. d4 Nd7 20. b4 a5 21. Rfc1
Reb8 22. Rab1 axb4 23. axb4 Nb6 24. Bf1 Rc8 25. Ne5 Nd7 26. Nd3 b5 27. Ra1 Nd8
28. Ra5 Nb6 29. Rca1 Rab8 30. Nc5 Ne6 31. Ra7 Ra8 32. R1a6 Rxa7 33. Rxa7 Rc7
34. Ra6 Nc4 35. Ra8+ Kh7 36. Qc1 Nxc5 37. dxc5 Qe7 38. Qa1 Nd2 39. Be2 Ne4 40.
Kg2 Qh4 41. Qg1 f5 42. Rf8 Qe7 43. Ra8 Ra7 44. Rxa7 Qxa7 45. Qb1 Qf7 46. f3 Nd2
47. Qd3 Nc4 48. Qd4 Qe7 49. Kf2 Qh4+ 50. Kg2 Qe1 51. Bxc4 dxc4 52. gxf5 gxf5
53. Qf4 Qd2+ 54. Kg1 Qd5 55. e4 fxe4 56. fxe4 Qd4+ 57. Kf1 Qf6 0-1

[Event "Sparkassen-Open A"]
[Site "Heusenstamm, Martinsee"]
[Date "2017.11.25"]
[Round "5.28"]
[White "Kantane, Anna"]
[Black "Calvi, Stefan"]
[Result "1/2-1/2"]
[WhiteElo "2263"]
[BlackElo "2092"]
[PlyCount "48"]
[EventDate "2017.??.??"]
[WhiteTeam "vereinslos"]
[BlackTeam "SF Frankfurt"]

1. e4 c5 2. Nf3 Nc6 3. d4 cxd4 4. Nxd4 Nf6 5. Nc3 e5 6. Ndb5 d6 7. Bg5 a6 8.
Bxf6 gxf6 9. Na3 b5 10. Nd5 Bg7 11. g3 f5 12. Bg2 fxe4 13. Bxe4 Be6 14. O-O O-O
15. c3 f5 16. Bg2 Rb8 17. Nc2 a5 18. Qd2 Qd7 19. Rfe1 Kh8 20. Rad1 f4 21. Kh1
fxg3 22. hxg3 Bg4 23. Nde3 Bxd1 24. Rxd1 Rbd8 1/2-1/2

[Event "Sparkassen-Open A"]
[Site "Heusenstamm, Martinsee"]
[Date "2017.11.25"]
[Round "5.29"]
[White "Osmanodja, Filiz"]
[Black "Cichy, Michael"]
[Result "1-0"]
[WhiteElo "2242"]
[BlackElo "2078"]
[PlyCount "73"]
[EventDate "2017.??.??"]
[WhiteTeam "USV TU Dresden"]
[BlackTeam "SC BS Gliesmarode"]

1. e4 c5 2. Nf3 e6 3. d4 cxd4 4. Nxd4 Nc6 5. Nc3 Qc7 6. Be3 a6 7. f4 b5 8. Nb3
d6 9. Qf3 Bb7 10. Bd3 Nf6 11. g4 Na5 12. O-O-O Be7 13. Rhe1 O-O-O 14. Nd4 Nc6
15. Kb1 Rhe8 16. g5 Nd7 17. Qh5 Nxd4 18. Bxd4 e5 19. Be3 exf4 20. Bxf4 Ne5 21.
Qxh7 Bf8 22. Nd5 Bxd5 23. exd5 Kb8 24. Qe4 g6 25. a4 Nxd3 26. Qxd3 Qb7 27. Qd4
Rc8 28. axb5 axb5 29. Qb4 Qb6 30. Bg3 Kb7 31. Rf1 Rc7 32. Rd3 Rc4 33. Rxf7+ Re7
34. Rxe7+ Bxe7 35. Qd2 Qg1+ 36. Qd1 Qxd1+ 37. Rxd1 1-0

[Event "Sparkassen-Open A"]
[Site "Heusenstamm, Martinsee"]
[Date "2017.11.25"]
[Round "5.30"]
[White "Prill, Daniel"]
[Black "Kuznetsov, Volodymyr"]
[Result "1-0"]
[WhiteElo "2234"]
[BlackElo "2088"]
[PlyCount "65"]
[EventDate "2017.??.??"]
[WhiteTeam "SC Heitersheim"]
[BlackTeam "SG Idstein"]

1. e4 e5 2. Nf3 Nc6 3. Bc4 Bc5 4. b4 Bxb4 5. c3 Be7 6. d4 Nf6 7. dxe5 Ng4 8.
Qd5 O-O 9. h3 Nh6 10. Bxh6 gxh6 11. Nbd2 d6 12. exd6 Qxd6 13. Qxd6 Bxd6 14. O-O
Ne5 15. Nxe5 Bxe5 16. Rac1 Bf4 17. Rc2 Be6 18. Bxe6 fxe6 19. Nb3 Kf7 20. g3 Bg5
21. Na5 b5 22. Nc6 a6 23. Rd1 Kg8 24. f4 Bf6 25. e5 Bg7 26. Rcd2 Rf7 27. Nd8
Re7 28. Rd7 Re8 29. Nc6 Bf8 30. Rxc7 Bc5+ 31. Kg2 Rac8 32. Rxc8 Rxc8 33. Rd8+
1-0

[Event "Sparkassen-Open A"]
[Site "Heusenstamm, Martinsee"]
[Date "2017.11.25"]
[Round "5.31"]
[White "Sandten, Ulrich"]
[Black "Meessen, Max"]
[Result "1/2-1/2"]
[WhiteElo "2068"]
[BlackElo "2193"]
[PlyCount "55"]
[EventDate "2017.??.??"]
[WhiteTeam "VSG Offenbach"]
[BlackTeam "SK Oldenburg"]

1. e4 e5 2. Nf3 Nc6 3. Bc4 Nf6 4. d3 Be7 5. c3 O-O 6. O-O d5 7. exd5 Nxd5 8.
Re1 Bg4 9. h3 Bh5 10. Bb3 Nb6 11. Qe2 Re8 12. Nbd2 Qd7 13. Ne4 Rad8 14. Bc2 h6
15. b4 Bf8 16. Bd2 f5 17. Ng3 Bxf3 18. Qxf3 e4 19. Qxf5 Qxf5 20. Nxf5 exd3 21.
Bb3+ Kh8 22. f4 Re2 23. Rad1 a5 24. a3 axb4 25. axb4 Rxe1+ 26. Bxe1 g6 27. Ne3
Bg7 28. Kf2 1/2-1/2

[Event "Sparkassen-Open A"]
[Site "Heusenstamm, Martinsee"]
[Date "2017.11.25"]
[Round "5.32"]
[White "Zimmermann, Rolf"]
[Black "Lesny, Florian"]
[Result "1-0"]
[WhiteElo "2178"]
[BlackElo "2041"]
[PlyCount "111"]
[EventDate "2017.??.??"]
[WhiteTeam "SC Tornado Hochneukirch"]
[BlackTeam "SK Niederbrechen"]

1. c4 c5 2. Nf3 Nc6 3. g3 g6 4. Bg2 Bg7 5. Nc3 d6 6. b3 e6 7. Bb2 Nge7 8. e3
O-O 9. O-O d5 10. d3 b6 11. Qe2 Bb7 12. Rfd1 Qd7 13. Rac1 Rfd8 14. cxd5 exd5
15. Nb5 Rac8 16. Bxg7 Kxg7 17. d4 a6 18. Na3 cxd4 19. Nxd4 Nxd4 20. Qb2 Nef5
21. Nc2 Kg8 22. Nxd4 Rxc1 23. Rxc1 Nxd4 24. Qxd4 Qd6 25. Rd1 Qc5 26. e4 Qxd4
27. Rxd4 Kg7 28. exd5 f5 29. f4 Kf6 30. Rc4 Rd7 31. Kf2 Bxd5 32. Rd4 Bc6 33.
Rxd7 Bxd7 34. Ke3 Ke7 35. Kd4 Kd6 36. b4 Be6 37. a3 a5 38. bxa5 bxa5 39. Bf1
Bd5 40. Be2 Be6 41. h4 Bd5 42. h5 gxh5 43. Bxh5 Bb3 44. Be2 Bc2 45. Bc4 Bd1 46.
Bg8 h6 47. Bh7 Bg4 48. Bg6 Ke6 49. Kc5 Bd1 50. Be8 a4 51. Kb4 Kd5 52. Bxa4 Bf3
53. Bc2 Ke6 54. Kc5 Bg2 55. a4 Bb7 56. Bd3 1-0

[Event "Sparkassen-Open A"]
[Site "Heusenstamm, Martinsee"]
[Date "2017.11.25"]
[Round "5.33"]
[White "Pauls, Wilhelm"]
[Black "Poghosyan, Tigran"]
[Result "0-1"]
[WhiteElo "2054"]
[BlackElo "2175"]
[PlyCount "36"]
[EventDate "2017.??.??"]
[WhiteTeam "SG Kaarst"]
[BlackTeam "Lübecker SV"]

1. e4 c5 2. Nf3 d6 3. d4 cxd4 4. Nxd4 Nf6 5. Nc3 a6 6. Bg5 Nbd7 7. f4 Qc7 8.
Qf3 h6 9. Bh4 g5 10. fxg5 hxg5 11. Bxg5 Qc5 12. Nf5 e6 13. Bxf6 Nxf6 14. Ng3
Qg5 15. h4 Rxh4 16. Rxh4 Qxh4 17. e5 Nh5 18. Qxh5 Qxg3+ 0-1

[Event "Sparkassen-Open A"]
[Site "Heusenstamm, Martinsee"]
[Date "2017.11.25"]
[Round "5.34"]
[White "Mischke, Gabriel"]
[Black "Merkel, Markus"]
[Result "0-1"]
[WhiteElo "2049"]
[BlackElo "2121"]
[PlyCount "70"]
[EventDate "2017.??.??"]
[WhiteTeam "TSV Schott Mainz"]
[BlackTeam "SC Heitersheim"]

1. d4 d5 2. Nf3 Nc6 3. Bf4 Bg4 4. Nbd2 e6 5. h3 Bh5 6. c3 Bd6 7. Bxd6 cxd6 8.
e4 dxe4 9. Nxe4 Nf6 10. Ng3 Bg6 11. Bd3 Bxd3 12. Qxd3 O-O 13. O-O Rb8 14. Ng5
h6 15. N5e4 d5 16. Nxf6+ Qxf6 17. f4 g6 18. Rf3 b5 19. Nh1 b4 20. Nf2 bxc3 21.
bxc3 Kg7 22. Ng4 Qf5 23. Qxf5 gxf5 24. Ne5 Nxe5 25. fxe5 Rb2 26. g4 fxg4 27.
hxg4 Re2 28. Rb1 Rxa2 29. Rb7 a5 30. Rf6 a4 31. Rxe6 Rb8 32. Ree7 Rxb7 33. Rxb7
Kg6 34. Rd7 a3 35. Rxd5 Rb2 0-1

[Event "Sparkassen-Open A"]
[Site "Heusenstamm, Martinsee"]
[Date "2017.11.25"]
[Round "5.35"]
[White "Schulze, Lara"]
[Black "Heinemann, Ernst"]
[Result "1/2-1/2"]
[WhiteElo "1988"]
[BlackElo "2157"]
[PlyCount "89"]
[EventDate "2017.??.??"]
[WhiteTeam "SK Lehrte"]
[BlackTeam "SK Oldenburg"]

1. e4 c6 2. d4 d5 3. e5 c5 4. dxc5 e6 5. a3 Bxc5 6. b4 Bb6 7. Qg4 Ne7 8. Qxg7
Rg8 9. Qxh7 Bd4 10. Ra2 Bxe5 11. Nf3 Rh8 12. Qd3 Bf6 13. Bb2 Bxb2 14. Rxb2 Ng6
15. c4 Rh5 16. Nc3 Nc6 17. b5 Nce5 18. Nxe5 Rxe5+ 19. Be2 dxc4 20. Qxd8+ Kxd8
21. O-O Bd7 22. Bf3 Rb8 23. g3 Ke7 24. Be4 f5 25. Bb1 Rg8 26. f4 Re3 27. Rc2
Nh4 28. a4 Nf3+ 29. Kf2 Nxh2 30. Kxe3 Nxf1+ 31. Kf3 Rh8 32. Ne2 Nh2+ 33. Ke3
Ng4+ 34. Kd2 Rd8 35. Kc3 a6 36. Nd4 axb5 37. axb5 Kf6 38. Re2 Rc8 39. Ba2 e5
40. fxe5+ Nxe5 41. Bb1 Ra8 42. Kb4 b6 43. Rf2 Nd3+ 44. Bxd3 cxd3 45. Rd2
1/2-1/2

[Event "Sparkassen-Open A"]
[Site "Heusenstamm, Martinsee"]
[Date "2017.11.25"]
[Round "5.36"]
[White "Mährlein, Christoph"]
[Black "Olesiak, Marcin"]
[Result "1-0"]
[WhiteElo "2035"]
[BlackElo "2059"]
[PlyCount "99"]
[EventDate "2017.??.??"]
[WhiteTeam "SC Pforzheim"]
[BlackTeam "SV Oberursel"]

1. c4 e5 2. Nc3 Nc6 3. Nf3 f5 4. g3 Nf6 5. Bg2 Be7 6. O-O O-O 7. a3 a5 8. Nd5
d6 9. d4 e4 10. Nxe7+ Qxe7 11. Ng5 Bd7 12. Nh3 a4 13. e3 Na5 14. Qc2 b5 15. Nf4
Nxc4 16. Bd2 Qf7 17. Ne2 Nd5 18. Nc3 Nxc3 19. Bxc3 Be6 20. Rfe1 Nb6 21. Bb4 Bb3
22. Qc6 Nc4 23. f3 Qe8 24. Qxe8 Raxe8 25. fxe4 fxe4 26. Bc3 Bc2 27. Bh3 Re7 28.
d5 Bd3 29. Bd4 Nd2 30. Bg4 Nf3+ 31. Bxf3 exf3 32. Kf2 Be4 33. Rad1 Rf5 34. Bc3
Bxd5 35. g4 Rg5 36. h4 Rge5 37. Bxe5 Rxe5 38. Rd4 c5 39. Rd2 Kf7 40. e4 Bxe4
41. Rxd6 Ke7 42. Rb6 c4 43. Kg3 Kd7 44. Ra6 g5 45. h5 Kc7 46. Rf6 b4 47. axb4
a3 48. bxa3 c3 49. Rxf3 c2 50. Rc3+ 1-0

[Event "Sparkassen-Open A"]
[Site "Heusenstamm, Martinsee"]
[Date "2017.11.25"]
[Round "5.37"]
[White "Neukirchner, Pascal"]
[Black "Schmidt, Max"]
[Result "1-0"]
[WhiteElo "2139"]
[BlackElo "1992"]
[PlyCount "83"]
[EventDate "2017.??.??"]
[WhiteTeam "SK Gründau"]
[BlackTeam "Frankfurter TV"]

1. d4 Nf6 2. c4 e6 3. g3 d5 4. Nf3 Be7 5. Bg2 O-O 6. O-O Nbd7 7. Qc2 Ne4 8.
Nfd2 f5 9. Nxe4 fxe4 10. Bf4 c6 11. Nc3 Nf6 12. Rad1 Bd7 13. f3 exf3 14. Bxf3
Be8 15. e4 Bg6 16. Qe2 Bb4 17. Bg5 Qa5 18. e5 Nd7 19. Bd2 Bxc3 20. Bxc3 Qxa2
21. cxd5 cxd5 22. Bg4 Rxf1+ 23. Rxf1 Re8 24. Qb5 Nb6 25. Qxe8+ Bxe8 26. Bxe6+
Bf7 27. Bxf7+ Kh8 28. e6 Nc8 29. Be8 g6 30. Bd7 Ne7 31. Bb4 Nf5 32. e7 Nxe7 33.
Bxe7 Qc4 34. Bf6+ Kg8 35. Be5 h5 36. h4 Qe2 37. Be6+ Kh7 38. Rf7+ Kh6 39. Bg7+
Kh7 40. Bf6+ Kg8 41. Rg7+ Kf8 42. Rg8# 1-0

[Event "Sparkassen-Open A"]
[Site "Heusenstamm, Martinsee"]
[Date "2017.11.25"]
[Round "5.38"]
[White "Küpper, Martin"]
[Black "Bethke, Richard"]
[Result "1/2-1/2"]
[WhiteElo "2031"]
[BlackElo "2134"]
[PlyCount "55"]
[EventDate "2017.??.??"]
[WhiteTeam "SC Fulda"]
[BlackTeam "SF Neuberg"]

1. e4 c5 2. c3 Nf6 3. e5 Nd5 4. d4 cxd4 5. Nf3 Nc6 6. Bc4 Nb6 7. Bb3 d6 8. exd6
Qxd6 9. O-O Be6 10. Na3 dxc3 11. Nb5 Qxd1 12. Rxd1 Rc8 13. Bxe6 fxe6 14. Nxc3
e5 15. Ne4 e6 16. b3 Nd7 17. Bb2 Nc5 18. Nxc5 Bxc5 19. Rac1 Bb6 20. Nxe5 O-O
21. Nxc6 Bxf2+ 22. Kh1 Rxc6 23. Rxc6 bxc6 24. Rd7 Rf7 25. Rd8+ Rf8 26. Rd7 Rf7
27. Rd8+ Rf8 28. Rd7 1/2-1/2

[Event "Sparkassen-Open A"]
[Site "Heusenstamm, Martinsee"]
[Date "2017.11.25"]
[Round "5.41"]
[White "Engel, Berthold"]
[Black "Felten, Maximilian"]
[Result "1-0"]
[WhiteElo "2125"]
[BlackElo "1675"]
[PlyCount "131"]
[EventDate "2017.??.??"]
[WhiteTeam "BG Buchen"]
[BlackTeam "SG Trier"]

1. e4 e6 2. d3 c5 3. g3 g6 4. Bg2 Bg7 5. Ne2 Nc6 6. O-O Nge7 7. Nbc3 O-O 8. Bg5
h6 9. Be3 d6 10. d4 cxd4 11. Nxd4 Nxd4 12. Bxd4 e5 13. Be3 a6 14. Qd2 Qc7 15.
Bxh6 Be6 16. Bxg7 Kxg7 17. Rad1 Rad8 18. a3 Rh8 19. Nd5 Nxd5 20. exd5 Bh3 21.
f4 Qc5+ 22. Qf2 Qxf2+ 23. Rxf2 Bxg2 24. Kxg2 Rhe8 25. Rdd2 Rc8 26. c3 e4 27.
Rfe2 f5 28. Kf2 Rh8 29. h4 Rc4 30. Ke3 Rhc8 31. Rd4 Kh6 32. Rxc4 Rxc4 33. Rc2
Kh5 34. b3 Rc5 35. c4 b5 36. b4 Rc8 37. c5 Kg4 38. Kf2 Re8 39. Rc3 Rd8 40. c6
Rc8 41. Rc1 Rc7 42. Rh1 Kh5 43. a4 Re7 44. axb5 axb5 45. Rc1 Rc7 46. Kg2 Kg4
47. Rc3 Rc8 48. Ra3 Re8 49. Kf2 Re7 50. Rc3 Re8 51. c7 Rc8 52. Rc6 Kh5 53. Rc1
Kg4 54. Kg2 Kh5 55. Kh3 e3 56. Kg2 Kg4 57. Rc3 e2 58. Kf2 Kh5 59. Kxe2 Kg4 60.
Kf2 Kh5 61. Kf3 Kh6 62. g4 Kg7 63. Rc6 Kf7 64. Kg3 Kg7 65. gxf5 gxf5 66. h5 1-0

[Event "Sparkassen-Open A"]
[Site "Heusenstamm, Martinsee"]
[Date "2017.11.25"]
[Round "5.42"]
[White "Musiolik, David"]
[Black "Flach, Erich"]
[Result "1/2-1/2"]
[WhiteElo "1958"]
[BlackElo "2107"]
[PlyCount "143"]
[EventDate "2017.??.??"]
[WhiteTeam "SC Ramstein"]
[BlackTeam "SK Langen"]

1. e4 c5 2. Nf3 e6 3. d4 cxd4 4. Nxd4 a6 5. Nc3 Qc7 6. Bd3 Nf6 7. O-O d6 8. Be3
Nbd7 9. a4 b6 10. Qe2 Bb7 11. Rad1 Be7 12. f4 O-O 13. g4 Nc5 14. Bc1 Rfe8 15.
g5 Nfd7 16. f5 exf5 17. Nxf5 Ne5 18. h4 Bf8 19. Bf4 Ne6 20. Qe3 d5 21. Bxe5
Qxe5 22. Qg3 Bc5+ 23. Kh2 Qxg3+ 24. Nxg3 d4 25. Nce2 Bd6 26. Kg1 Rac8 27. Nf5
Be5 28. b4 Rc7 29. Rb1 Kf8 30. Rfd1 Rd8 31. Rf1 Kg8 32. Rb3 f6 33. gxf6 Bxf6
34. Nh6+ gxh6 35. Rxf6 Rg7+ 36. Kf2 Rf8 37. Rxf8+ Kxf8 38. Bc4 Ke7 39. Bxe6
Kxe6 40. Nxd4+ Ke5 41. Ne2 Bxe4 42. Re3 Rg2+ 43. Ke1 Rg4 44. h5 Kd6 45. c3 Bd5
46. Ng3 Rg5 47. c4 Bc6 48. Kd2 Re5 49. Rd3+ Kc7 50. b5 axb5 51. axb5 Be8 52.
Rf3 Bxh5 53. Nxh5 Rxh5 54. Kc3 Re5 55. Rf7+ Kc8 56. Rf6 Kb7 57. Rxh6 Re7 58.
Kd4 Rc7 59. Rh4 Re7 60. Kd5 Rg7 61. Kd6 Rf7 62. Ke6 Rc7 63. Rg4 Kb8 64. Rh4 Kb7
65. Rh6 Rg7 66. Rh2 Rc7 67. Rh1 Rg7 68. Kd6 Rf7 69. c5 bxc5 70. Kxc5 Rf5+ 71.
Kb4 h5 72. Rg1 1/2-1/2

[Event "Sparkassen-Open A"]
[Site "Heusenstamm, Martinsee"]
[Date "2017.11.25"]
[Round "5.43"]
[White "Werner, Dimo"]
[Black "Klundt, Klaus"]
[Result "1/2-1/2"]
[WhiteElo "2031"]
[BlackElo "2332"]
[PlyCount "92"]
[EventDate "2017.??.??"]
[WhiteTeam "TSV Schott Mainz"]
[BlackTeam "SC Heusenstamm"]

1. d4 Nf6 2. c4 e6 3. Nf3 d5 4. Nc3 Be7 5. Bg5 h6 6. Bh4 O-O 7. e3 b6 8. Bd3
Bb7 9. Bxf6 Bxf6 10. cxd5 exd5 11. O-O c5 12. Rc1 Nd7 13. Bf5 g6 14. Bxd7 cxd4
15. Nxd4 Qxd7 16. Qf3 Bg7 17. Rfd1 Rfd8 18. Rd2 Rac8 19. Qd1 Qe7 20. Nde2 Qg5
21. Nd4 Qe7 22. Ncb5 a6 23. Rxc8 Rxc8 24. Nc3 b5 25. a3 b4 26. axb4 Qxb4 27. h3
a5 28. Nce2 Be5 29. Nc3 Kg7 30. g3 Bf6 31. h4 h5 32. Kh2 Rc4 33. Nde2 Rxh4+ 34.
Kg1 Rc4 35. Nxd5 Bxd5 36. Rxd5 Bxb2 37. Kg2 a4 38. Nf4 Bf6 39. Rd7 Qb5 40. Qd6
Qc6+ 41. Qxc6 Rxc6 42. Ra7 Rc4 43. Nd5 Bg5 44. Nb6 Rc1 45. Kf3 h4 46. Rxa4 hxg3
1/2-1/2

[Event "Sparkassen-Open A"]
[Site "Heusenstamm, Martinsee"]
[Date "2017.11.25"]
[Round "5.44"]
[White "Erdmann, Stefan"]
[Black "Seehaus, Bernhard"]
[Result "1-0"]
[WhiteElo "2194"]
[BlackElo "2008"]
[PlyCount "51"]
[EventDate "2017.??.??"]
[WhiteTeam "SC Bad Soden"]
[BlackTeam "Schachforum Darmstadt"]

1. d4 d5 2. c4 c6 3. Nc3 Nf6 4. Nf3 e6 5. e3 Be7 6. Qc2 Nbd7 7. Be2 h6 8. O-O
O-O 9. e4 dxe4 10. Nxe4 Nxe4 11. Qxe4 Nf6 12. Qe3 Qc7 13. Ne5 c5 14. Qg3 Ne4
15. Qd3 Nf6 16. Bxh6 Ne8 17. Be3 cxd4 18. Bxd4 Bf6 19. Ng4 Bxd4 20. Qxd4 Bd7
21. Rad1 Bc6 22. Rd3 Qb6 23. Nh6+ gxh6 24. Rg3+ Kh7 25. Bd3+ f5 26. Qg4 1-0

[Event "Sparkassen-Open A"]
[Site "Heusenstamm, Martinsee"]
[Date "2017.11.25"]
[Round "5.45"]
[White "Trumpp, Lothar"]
[Black "Sobolevsky, Leonid"]
[Result "0-1"]
[WhiteElo "2021"]
[BlackElo "2185"]
[PlyCount "104"]
[EventDate "2017.??.??"]
[WhiteTeam "VSG Offenbach"]
[BlackTeam "vereinslos"]

1. Nc3 c5 2. Nf3 Nc6 3. e4 g6 4. g3 Bg7 5. Bg2 d6 6. d3 Bg4 7. h3 Bd7 8. O-O h6
9. Re1 g5 10. Nh2 Qc8 11. g4 Nf6 12. Nd5 Ne5 13. c3 Ng6 14. Ne3 e6 15. Nhf1 Nf4
16. Ng3 Nxg2 17. Kxg2 Qc6 18. Rb1 O-O-O 19. b4 d5 20. bxc5 dxe4 21. dxe4 Nxe4
22. Nxe4 f5 23. Nc2 fxe4 24. Nd4 Qxc5 25. Qb3 Qb6 26. Qc2 Qa6 27. Be3 h5 28.
Qxe4 Bxd4 29. cxd4 hxg4 30. hxg4 Bc6 31. Rec1 Rd6 32. Kg3 Kd7 33. Qe5 Rh7 34.
Qxg5 Qd3 35. Qf4 Qg6 36. d5 exd5 37. Bd4 Rf7 38. Qe3 Re6 39. Qc3 b6 40. Re1 Re4
41. f3 Qd6+ 42. Be5 Rxe1 43. Bxd6 Rxb1 44. Qc2 Rf1 45. Be5 R1xf3+ 46. Kh4 Re7
47. Bb8 Re4 48. Qh2 Ke8 49. Kg5 Bd7 50. Qh5+ Rf7 51. Bd6 Rxg4+ 52. Kh6 Bf5 0-1

[Event "Sparkassen-Open A"]
[Site "Heusenstamm, Martinsee"]
[Date "2017.11.25"]
[Round "5.46"]
[White "Skarke, Harald"]
[Black "Hebbering, Tom Elliot"]
[Result "0-1"]
[WhiteElo "1988"]
[BlackElo "2184"]
[PlyCount "64"]
[EventDate "2017.??.??"]
[WhiteTeam "SF Neuberg"]
[BlackTeam "SK Gernsheim"]

1. e4 c5 2. d3 Nc6 3. f4 d5 4. e5 h5 5. Be2 g6 6. Nc3 Nh6 7. Nf3 Bg4 8. O-O e6
9. h3 Bxf3 10. Bxf3 Nd4 11. Ne2 Nxf3+ 12. Rxf3 Nf5 13. c3 h4 14. Qa4+ Qd7 15.
Qxd7+ Kxd7 16. Bd2 Be7 17. Rff1 b5 18. b3 Rhb8 19. Rfb1 Bd8 20. Kf2 a6 21. Kf3
Be7 22. Kf2 Rc8 23. Rc1 c4 24. d4 cxb3 25. axb3 a5 26. Ra2 a4 27. b4 Rg8 28.
Ng1 Rac8 29. Nf3 Ng3 30. Be1 Bxb4 31. Rb1 Bxc3 32. Bxc3 Ne4+ 0-1

[Event "Sparkassen-Open A"]
[Site "Heusenstamm, Martinsee"]
[Date "2017.11.25"]
[Round "5.47"]
[White "Berghof, Axel"]
[Black "Wachsmann, Dietmar"]
[Result "1-0"]
[WhiteElo "2173"]
[BlackElo "1999"]
[PlyCount "65"]
[EventDate "2017.??.??"]
[WhiteTeam "SC Suhl"]
[BlackTeam "SC Groß-Umstadt"]

1. e4 c5 2. b4 cxb4 3. a3 Nf6 4. e5 Nd5 5. axb4 Nxb4 6. c3 Nd5 7. Qf3 e6 8. Qg3
d6 9. f4 Qb6 10. Na3 Rg8 11. Bc4 Nc6 12. Ne2 dxe5 13. fxe5 Bd7 14. Rf1 Be7 15.
Rb1 Qa5 16. Nb5 a6 17. Nd6+ Bxd6 18. exd6 Nb6 19. Qf2 Ne5 20. Rxb6 Rc8 21. Qh4
g5 22. Qxh7 Rf8 23. Rxb7 Rxc4 24. d4 Ng6 25. Qh6 Qd5 26. Rb6 Qxg2 27. Bxg5 Rh8
28. Qg7 Qxg5 29. Rxf7 Qh4+ 30. Ng3 Nf8 31. Rb8+ Rc8 32. Rxd7 Rxb8 33. Qf7# 1-0

[Event "Sparkassen-Open A"]
[Site "Heusenstamm, Martinsee"]
[Date "2017.11.25"]
[Round "5.48"]
[White "Klings, Peter"]
[Black "Perske, Paul"]
[Result "0-1"]
[WhiteElo "2145"]
[BlackElo "1968"]
[PlyCount "72"]
[EventDate "2017.??.??"]
[WhiteTeam "Freibauer Mörlenbach"]
[BlackTeam "Vorw.Orient Mainz"]

1. Nf3 Nf6 2. c4 e6 3. g3 b6 4. Bg2 Bb7 5. O-O Be7 6. b3 O-O 7. Bb2 c5 8. e3
Nc6 9. Qe2 d5 10. Na3 Nb4 11. d4 cxd4 12. Nxd4 Rc8 13. Rfd1 Qc7 14. Ndb5 Qb8
15. cxd5 Bxd5 16. e4 Bb7 17. Nc4 Rfd8 18. Be5 Qa8 19. Nc7 Rxc7 20. Bxc7 Rxd1+
21. Rxd1 Nxe4 22. Rd7 Ng5 23. f4 Nf3+ 24. Kf2 Nd4 25. Bxb7 Qxb7 26. Rxe7 h6 27.
Qd1 Qe4 28. Nb2 Ndc2 29. Rd7 Qe3+ 30. Kg2 Qe4+ 31. Kh3 Ne3 32. Qe2 g5 33. Rd8+
Kh7 34. g4 h5 35. Rd3 hxg4+ 36. Kg3 Nf5+ 0-1

[Event "Sparkassen-Open A"]
[Site "Heusenstamm, Martinsee"]
[Date "2017.11.25"]
[Round "5.49"]
[White "Hoppe, Thilo"]
[Black "Rack, Matthias"]
[Result "1-0"]
[WhiteElo "2128"]
[BlackElo "1984"]
[PlyCount "55"]
[EventDate "2017.??.??"]
[WhiteTeam "SC Bonn Beuel"]
[BlackTeam "SF Neuberg"]

1. d4 d5 2. c4 e6 3. Nc3 Nf6 4. Bg5 Be7 5. e3 O-O 6. Nf3 h6 7. Bh4 b6 8. cxd5
Nxd5 9. Bxe7 Qxe7 10. Nxd5 exd5 11. Bd3 Qb4+ 12. Qd2 Qxd2+ 13. Kxd2 Bb7 14.
Rhc1 c6 15. Ne5 f6 16. Ng6 Re8 17. Bf5 a5 18. a4 Ra7 19. Ra3 Bc8 20. Bd3 Kf7
21. Nf4 f5 22. Be2 g6 23. Rb3 Rb7 24. Nd3 Kf6 25. f4 b5 26. Nc5 b4 27. Nxb7
Bxb7 28. Rc5 1-0

[Event "Sparkassen-Open A"]
[Site "Heusenstamm, Martinsee"]
[Date "2017.11.25"]
[Round "5.50"]
[White "Heindrich, Mark"]
[Black "Zweschper, Erich"]
[Result "1/2-1/2"]
[WhiteElo "2134"]
[BlackElo "1982"]
[PlyCount "25"]
[EventDate "2017.??.??"]
[WhiteTeam "TuS Dotzheim"]
[BlackTeam "SV Kelsterbach"]

1. e4 g6 2. d4 Bg7 3. c3 d6 4. Nf3 Nd7 5. Na3 e6 6. Bd3 Ne7 7. Qe2 a6 8. Bf4 b5
9. Rd1 h6 10. Bc1 O-O 11. O-O Bb7 12. Rfe1 Qc8 13. Bb1 1/2-1/2

[Event "Sparkassen-Open A"]
[Site "Heusenstamm, Martinsee"]
[Date "2017.11.25"]
[Round "5.51"]
[White "Kalepky, Helmut"]
[Black "Adocchio, Giampiero"]
[Result "0-1"]
[WhiteElo "1985"]
[BlackElo "2133"]
[PlyCount "44"]
[EventDate "2017.??.??"]
[WhiteTeam "SF Heidesheim"]
[BlackTeam "Mosbacher SC"]

1. e4 e6 2. d3 d5 3. Qe2 dxe4 4. dxe4 Nc6 5. Nf3 Bc5 6. Be3 Bxe3 7. Qxe3 Nf6 8.
Nbd2 O-O 9. Bc4 Qe7 10. e5 Nd5 11. Qe4 Ncb4 12. c3 f5 13. exf6 Nxf6 14. Qb1
Nbd5 15. Ne5 Nd7 16. Nxd7 Bxd7 17. O-O Nf4 18. Ne4 Bc6 19. Qc2 Qh4 20. f3 Qh5
21. Rae1 Rad8 22. Ng3 Qc5+ 0-1

[Event "Sparkassen-Open A"]
[Site "Heusenstamm, Martinsee"]
[Date "2017.11.25"]
[Round "5.52"]
[White "Zimmer, Gerald"]
[Black "Hinrichs, Hans-Uwe"]
[Result "1-0"]
[WhiteElo "1982"]
[BlackElo "2123"]
[PlyCount "55"]
[EventDate "2017.??.??"]
[WhiteTeam "SC Bergen-Enkheim"]
[BlackTeam "SK Bingen"]

1. d4 Nf6 2. Nf3 d6 3. e3 Nbd7 4. c4 e5 5. Nc3 c6 6. Qc2 Qc7 7. Bd3 Be7 8. O-O
O-O 9. Bd2 a6 10. a4 Re8 11. Rfe1 Nf8 12. Rac1 Bg4 13. Ng5 Rac8 14. f3 Bh5 15.
Bf5 Bg6 16. Bxg6 Nxg6 17. Qf5 Qd7 18. Qxd7 Nxd7 19. Nh3 Bf6 20. Ne4 Be7 21. Bb4
exd4 22. exd4 c5 23. dxc5 dxc5 24. Bc3 Nde5 25. Rcd1 Nxc4 26. b3 Nce5 27. Rd5
b6 28. Bxe5 1-0

[Event "Sparkassen-Open A"]
[Site "Heusenstamm, Martinsee"]
[Date "2017.11.25"]
[Round "5.53"]
[White "Meiser, Markus"]
[Black "Altenbernd, Jannis-Domenik"]
[Result "1/2-1/2"]
[WhiteElo "2117"]
[BlackElo "1958"]
[PlyCount "84"]
[EventDate "2017.??.??"]
[WhiteTeam "Sges Bensheim"]
[BlackTeam "SG Bünde"]

1. d4 d6 2. c4 e5 3. Nc3 exd4 4. Qxd4 Nc6 5. Qe4+ Be6 6. e3 Nf6 7. Qc2 g6 8.
Nf3 Bg7 9. Be2 O-O 10. O-O Re8 11. Rd1 Bf5 12. Qb3 Qc8 13. Bd2 Nd7 14. Rac1 Nc5
15. Qa3 Nd3 16. Bxd3 Bxd3 17. c5 dxc5 18. Qxc5 Qf5 19. Qxf5 Bxf5 20. Na4 Rad8
21. Bc3 Bxc3 22. Nxc3 Be6 23. b3 a6 24. Kf1 f6 25. Rxd8 Rxd8 26. Ne4 Kf7 27.
Nc5 Bc8 28. Nxa6 Bg4 29. Nxc7 Bxf3 30. gxf3 Rd2 31. a3 Ne5 32. Nb5 Nxf3 33.
Rc7+ Kg8 34. Nd4 Nxh2+ 35. Ke1 Ra2 36. f3 Rxa3 37. Kf2 Ra1 38. Rxb7 Nf1 39. Rc7
Nd2 40. b4 Ra2 41. Ke1 Rb2 42. b5 Nb3 1/2-1/2

[Event "Sparkassen-Open A"]
[Site "Heusenstamm, Martinsee"]
[Date "2017.11.25"]
[Round "5.54"]
[White "Gentner, Markus"]
[Black "Schröder, Jürgen"]
[Result "0-1"]
[WhiteElo "1978"]
[BlackElo "2116"]
[PlyCount "74"]
[EventDate "2017.??.??"]
[WhiteTeam "SC Murrhardt"]
[BlackTeam "SC Matt im Park"]

1. Nf3 g6 2. c4 Bg7 3. Nc3 d6 4. d4 c6 5. e4 Nd7 6. Be2 e5 7. Be3 Ngf6 8. O-O
O-O 9. Ne1 Re8 10. d5 cxd5 11. cxd5 Nc5 12. f3 a5 13. Nb5 b6 14. Nd3 Ba6 15.
Nxc5 dxc5 16. g4 Re7 17. Qd2 Ne8 18. a4 Bxb5 19. Bxb5 Nd6 20. Bg5 f6 21. Bc6
fxg5 22. Bxa8 Qxa8 23. Qe2 Rf7 24. Rfc1 Bf8 25. b3 Ra7 26. Rc2 Qe8 27. Rca2 Qf7
28. Kg2 Qf4 29. Rc2 Rf7 30. Rc3 Kh8 31. Ra2 h5 32. Re3 c4 33. bxc4 Ne8 34. Rd3
Bc5 35. Qd2 hxg4 36. Qxf4 Rxf4 37. fxg4 Rxe4 0-1